R (on the application of Tree and Wildlife Action Committee Ltd) V The Forestry Commissioners Durham Estates Ltd (Record no. 79154)
[ view plain ]
| 000 -LEADER | |
|---|---|
| fixed length control field | 01864cad a22001935a 4500 |
| 001 - CONTROL NUMBER | |
| control field | L140002 |
| 008 - FIXED-LENGTH DATA ELEMENTS--GENERAL INFORMATION | |
| fixed length control field | 070829e20070629xxk f w 000 0 eng d |
| 035 ## - SYSTEM CONTROL NUMBER | |
| System control number | (Sirsi) u140002 |
| 041 0# - LANGUAGE CODE | |
| Language code of text/sound track or separate title | eng |
| 245 00 - TITLE STATEMENT | |
| Title | R (on the application of Tree and Wildlife Action Committee Ltd) V The Forestry Commissioners Durham Estates Ltd |
| Medium | [electronic resource] |
| 260 ## - PUBLICATION, DISTRIBUTION, ETC. | |
| Date of publication, distribution, etc. | 2007 |
| 520 ## - SUMMARY, ETC. | |
| Summary, etc. | [2007] EWHC 1623 (Admin), 29 June 2007. The claimant Committee (T) applied for a judicial review of the defendant Commissioners' (F) decision that the granting of planning permission for an area of woodland did not require an environmental impact assessment. Such an assessment had been carried out in respect of the area's deforestation, but F stated that the proposed subsequent development of football pitches and car parking did not need a further assessment. T submitted that F should have considered the impact of the development as well as the deforestation. T argued that the development was a project linked within the deforestation within the meaning of Sch.3 para 1 of the Environmental Impact Assessment (Forestry) (England and Wales) Regulations. "Held": The case for an environmental impact assessment depended on whether there was a change of use of the land. The development of football pitches clearly construed a change of use. There was clearly a combination of two aspects in the case which were linked: the deforestation and subsequent development of the area. Application granted. |
| 590 ## - LOCAL NOTE (RLIN) | |
| Local note | KA |
| 650 24 - SUBJECT ADDED ENTRY--TOPICAL TERM | |
| Topical term or geographic name entry element | ENVIRONMENTAL IMPACT ASSESSMENT (FORESTRY) (ENGLAND AND WALES) REGULATIONS |
| 651 #4 - SUBJECT ADDED ENTRY--GEOGRAPHIC NAME | |
| Geographic name | England and Wales |
| Chronological subdivision | 1543- |
| 690 ## - LOCAL SUBJECT ADDED ENTRY--TOPICAL TERM (OCLC, RLIN) | |
| Topical term or geographic name as entry element | ENVIRONMENTAL AND LAND CONSULTANCY-FORESTRY AND WOODLAND MANAGEMENT-FORESTRY |
| 856 40 - ELECTRONIC LOCATION AND ACCESS | |
| Uniform Resource Identifier | <a href="https://www.bailii.org/ew/cases/EWHC/Admin/2007/1623.html">https://www.bailii.org/ew/cases/EWHC/Admin/2007/1623.html</a> |
| Public note | View the judgement free of charge at www.bailii.org... |
| 942 ## - ADDED ENTRY ELEMENTS (KOHA) | |
| Suppress in OPAC | 0 |
| Withdrawn status | Lost status | Source of classification or shelving scheme | Damaged status | Not for loan | Home library | Current library | Shelving location | Date acquired | Total Checkouts | Full call number | Barcode | Date last seen | Copy number | Price effective from | Koha item type |
|---|---|---|---|---|---|---|---|---|---|---|---|---|---|---|---|
| Dewey Decimal Classification | Virtual | Virtual | Online | 29/08/2007 | ONLINE PUBLICATION | 140002-2001 | 06/08/2019 | 1 | 06/08/2019 | Law report |